| 000 | 01790cab a2200325 4500 | ||
|---|---|---|---|
| 001 | ##ABS68862 | ||
| 008 | 050310n2005 000 0 eng u | ||
| 035 | _a(Sirsi) u129017 | ||
| 041 | 0 | _aeng | |
| 100 | 1 | _aMcGreevy, G. | |
| 245 | 0 | 0 | _aProperty in 2005 - a legal perspective |
| 260 | _c2005 | ||
| 490 | 0 |
_aProperty Forecast _v8(2) February 2005, 8-10(3) |
|
| 520 | _aProvides an overview of what legislative changes are expected in 2005. Subjects covered include: upwards-only rent reviews; the effect of the Planning and Compulsory Purchase Act 2004 on planning permission for mezzanine floors; underletting and reverse premiums; reasonable periods for consent and exemplary damages; no automatic release of landlords; contaminated land; REITs and property derivatives; changes to the use classes orders, rating revaluation and the Landlord and Tenant Act 1954; and the possible end of forfeiture. Ends with a final note on the uncertainty over Stamp Duty Land Tax (Disadvantaged Area Relief) which is due to expire on 31 December 2006. | ||
| 590 | _aABS | ||
| 650 | 2 | 4 | _aUPWARD ONLY RENT REVIEWS |
| 650 | 2 | 4 | _aPLANNING AND COMPULSORY PURCHASE ACT 2004 |
| 650 | 2 | 4 | _aLANDLORD AND TENANT ACT 1954 |
| 650 | 2 | 4 | _aEASTLEIGH BC V FIRST SOS AND ASDA STORES LTD |
| 650 | 2 | 4 | _aHOMEBASE LTD AND ANOTHER V ALLIED DUNBAR ASSURANCE PLC |
| 650 | 2 | 4 | _aNCR LTD V RIVERLAND PORTFOLIO NO 1 LTD |
| 650 | 2 | 4 | _aLAW OF DISTRESS AMENDMENT ACT 1908 |
| 650 | 2 | 4 | _aDESIGN PROGRESSION LTD V THURLOE PROPERTIES LTD |
| 650 | 2 | 4 | _aLONDON DIOCESAN FUND AND OTHERS V AVONRIDGE PROPERTY COMPANY LTD |
| 650 | 2 | 4 | _aLANDLORD AND TENANT (COVENANTS) ACT 1995 |
| 650 | 2 | 4 | _aCIRCULAR FACILITIES (LONDON) LTD V SEVENOAKS DC |
| 651 | 4 |
_aEngland and Wales _y1543- |
|
| 690 | _aPROPERTY | ||
| 942 | _n0 | ||
| 999 |
_c74899 _d74899 |
||